Music Quiz

Random Music or Artist Quiz
Score 0/295 Timer 10:00
0 Plays Today
Hint Answer % Correct
(1989) Disco in DreamLondon
100%
(1990) Enjoy Yourself TourLondon
100%
(1991) Let's Get to It TourLondon
100%
(1998) Intimate and LiveLondon
100%
(2001) On a Night Like ThisLondon
100%
(2002) KylieFever2002London
100%
(2005) Showgirl: The Greatest Hits TourLondon
100%
(2006-2007) Showgirl: The Homecoming TourLondon
100%
(2008) KylieX2008London
100%
(2011) Aphrodite: Les Folies TourLondon
100%
(2014-2015) Kiss Me Once TourLondon
100%
(2018-2019) Golden TourLondon
100%
(1989) Disco in DreamManchester
97.3%
(1991) Let's Get to It TourManchester
97.3%
(2001) On a Night Like ThisManchester
97.3%
(2002) KylieFever2002Manchester
97.3%
(2005) Showgirl: The Greatest Hits TourManchester
97.3%
(2006-2007) Showgirl: The Homecoming TourManchester
97.3%
(2008) KylieX2008Manchester
97.3%
(2011) Aphrodite: Les Folies TourManchester
97.3%
(2014-2015) Kiss Me Once TourManchester
97.3%
(2018-2019) Golden TourManchester
97.3%
(2019) Summer 2019Manchester
97.3%
(1989) Disco in DreamBirmingham
93.7%
(1990) Enjoy Yourself TourSydney
93.7%
(1990) Enjoy Yourself TourBirmingham
93.7%
(1991) Rhythm of Love TourSydney
93.7%
(1991) Let's Get to It TourBirmingham
93.7%
(1998) Intimate and LiveSydney
93.7%
(2001) On a Night Like ThisSydney
93.7%
(2002) KylieFever2002Birmingham
93.7%
(2002) KylieFever2002Sydney
93.7%
(2005) Showgirl: The Greatest Hits TourBirmingham
93.7%
(2006-2007) Showgirl: The Homecoming TourSydney
93.7%
(2008) KylieX2008Sydney
93.7%
(2011) Aphrodite: Les Folies TourSydney
93.7%
(2014-2015) Kiss Me Once TourBirmingham
93.7%
(2014-2015) Kiss Me Once TourSydney
93.7%
(2018-2019) Golden TourBirmingham
93.7%
(2018-2019) Golden TourSydney
93.7%
(1989) Disco in DreamLiverpool
92.8%
(2014-2015) Kiss Me Once TourLiverpool
92.8%
(2018-2019) Golden TourLiverpool
92.8%
(1990) Enjoy Yourself TourDublin
91.9%
(1990) Enjoy Yourself TourGlasgow
91.9%
(1991) Let's Get to It TourDublin
91.9%
(2001) On a Night Like ThisGlasgow
91.9%
(2002) KylieFever2002Glasgow
91.9%
(2005) Showgirl: The Greatest Hits TourGlasgow
91.9%
(2005) Showgirl: The Greatest Hits TourDublin
91.9%
(2008) KylieX2008Glasgow
91.9%
(2011) Aphrodite: Les Folies TourDublin
91.9%
(2011) Aphrodite: Les Folies TourGlasgow
91.9%
(2014-2015) Kiss Me Once TourDublin
91.9%
(2014-2015) Kiss Me Once TourGlasgow
91.9%
(2018-2019) Golden TourGlasgow
91.9%
(2018-2019) Golden TourDublin
91.9%
(1990) Enjoy Yourself TourMelbourne
91%
(1990) Enjoy Yourself TourParis
91%
(1991) Rhythm of Love TourMelbourne
91%
(1998) Intimate and LiveMelbourne
91%
(2001) On a Night Like ThisBerlin
91%
(2001) On a Night Like ThisParis
91%
(2001) On a Night Like ThisMelbourne
91%
(2002) KylieFever2002Berlin
91%
(2002) KylieFever2002Paris
91%
(2002) KylieFever2002Melbourne
91%
(2005) Showgirl: The Greatest Hits TourParis
91%
(2006-2007) Showgirl: The Homecoming TourMelbourne
91%
(2008) KylieX2008Paris
91%
(2008) KylieX2008Berlin
91%
(2008) KylieX2008Melbourne
91%
(2011) Aphrodite: Les Folies TourBerlin
91%
(2011) Aphrodite: Les Folies TourParis
91%
(2011) Aphrodite: Les Folies TourMelbourne
91%
(2014-2015) Kiss Me Once TourParis
91%
(2014-2015) Kiss Me Once TourMelbourne
91%
(2018-2019) Golden TourParis
91%
(2018-2019) Golden TourBerlin
91%
(2018-2019) Golden TourMelbourne
91%
(1989) Disco in DreamNewcastle
90.1%
(1990) Enjoy Yourself TourBelfast
90.1%
(2002) KylieFever2002Newcastle
90.1%
(2008) KylieX2008Belfast
90.1%
(2008) KylieX2008Newcastle
90.1%
(2014-2015) Kiss Me Once TourBelfast
90.1%
(2014-2015) Kiss Me Once TourNewcastle
90.1%
(2018-2019) Golden TourNewcastle
90.1%
(2018-2019) Golden TourBelfast
90.1%
(1989) Disco in DreamEdinburgh
89.2%
(1991) Let's Get to It TourEdinburgh
89.2%
(2019) Summer 2019Edinburgh
89.2%
(1991) Rhythm of Love TourPerth
87.4%
(2001) On a Night Like ThisPerth
87.4%
(2006-2007) Showgirl: The Homecoming TourPerth
87.4%
(2008) KylieX2008Madrid
87.4%
(2011) Aphrodite: Les Folies TourPerth
87.4%
(2014-2015) Kiss Me Once TourMadrid
87.4%
(2014-2015) Kiss Me Once TourPerth
87.4%
Hint Answer % Correct
(2018-2019) Golden TourLeeds
87.4%
(2018-2019) Golden TourPerth
87.4%
(2001) On a Night Like ThisCardiff
86.5%
(2001) On a Night Like ThisCopenhagen
86.5%
(2002) KylieFever2002Cardiff
86.5%
(2002) KylieFever2002Stockholm
86.5%
(2002) KylieFever2002Oslo
86.5%
(2002) KylieFever2002Copenhagen
86.5%
(2008) KylieX2008Copenhagen
86.5%
(2008) KylieX2008Oslo
86.5%
(2008) KylieX2008Stockholm
86.5%
(2011) Aphrodite: Les Folies TourCardiff
86.5%
(2014-2015) Kiss Me Once TourCardiff
86.5%
(2018-2019) Golden TourCardiff
86.5%
(2018-2019) Golden TourCopenhagen
86.5%
(2001) On a Night Like ThisBrighton
85.6%
(2002) KylieFever2002Munich
85.6%
(2005) Showgirl: The Greatest Hits TourMunich
85.6%
(2008) KylieX2008Munich
85.6%
(2011) Aphrodite: Les Folies TourMunich
85.6%
(2011) Aphrodite: Les Folies TourBarcelona
85.6%
(2014-2015) Kiss Me Once TourBarcelona
85.6%
(2018-2019) Golden TourMunich
85.6%
(2019) Summer 2019Barcelona
85.6%
(2019) Summer 2019Brighton
85.6%
(1989) Disco in DreamTokyo
84.7%
(1991) Rhythm of Love TourCanberra
84.7%
(1991) Rhythm of Love TourTokyo
84.7%
(1998) Intimate and LiveCanberra
84.7%
(1989) Disco in DreamSheffield
83.8%
(1990) Enjoy Yourself TourBrisbane
83.8%
(1991) Rhythm of Love TourBrisbane
83.8%
(1991) Let's Get to It TourSheffield
83.8%
(1998) Intimate and LiveBrisbane
83.8%
(2001) On a Night Like ThisBrisbane
83.8%
(2002) KylieFever2002Sheffield
83.8%
(2002) KylieFever2002Milan
83.8%
(2006-2007) Showgirl: The Homecoming TourBrisbane
83.8%
(2008) KylieX2008Helsinki
83.8%
(2011) Aphrodite: Les Folies TourHelsinki
83.8%
(2011) Aphrodite: Les Folies TourMilan
83.8%
(2011) Aphrodite: Les Folies TourBrisbane
83.8%
(2014-2015) Kiss Me Once TourSheffield
83.8%
(2014-2015) Kiss Me Once TourBrisbane
83.8%
(1990) Enjoy Yourself TourHamburg
82.9%
(1990) Enjoy Yourself TourBrussels
82.9%
(2001) On a Night Like ThisHamburg
82.9%
(2002) KylieFever2002Vienna
82.9%
(2002) KylieFever2002Hamburg
82.9%
(2005) Showgirl: The Greatest Hits TourVienna
82.9%
(2005) Showgirl: The Greatest Hits TourHamburg
82.9%
(2008) KylieX2008Vienna
82.9%
(2008) KylieX2008Hamburg
82.9%
(2011) Aphrodite: Les Folies TourHamburg
82.9%
(2011) Aphrodite: Les Folies TourAmsterdam
82.9%
(2014-2015) Kiss Me Once TourBrussels
82.9%
(2018-2019) Golden TourBrussels
82.9%
(2018-2019) Golden TourVienna
82.9%
(2018-2019) Golden TourAmsterdam
82.9%
(2018-2019) Golden TourHamburg
82.9%
(2002) KylieFever2002Zurich
82%
(2008) KylieX2008Zurich
82%
(2008) KylieX2008Moscow
82%
(2011) Aphrodite: Les Folies TourZurich
82%
(2014-2015) Kiss Me Once TourZurich
82%
(2018-2019) Golden TourZurich
82%
(2008) KylieX2008Prague
81.1%
(2011) Aphrodite: Les Folies TourPrague
81.1%
(2014-2015) Kiss Me Once TourPrague
81.1%
(1991) Rhythm of Love TourAdelaide
80.2%
(1991) Let's Get to It TourNottingham
80.2%
(1998) Intimate and LiveAdelaide
80.2%
(2001) On a Night Like ThisAdelaide
80.2%
(2006-2007) Showgirl: The Homecoming TourAdelaide
80.2%
(2009) For You, For MeLos Angeles
80.2%
(2011) Aphrodite: Les Folies TourLos Angeles
80.2%
(2011) Aphrodite: Les Folies TourAdelaide
80.2%
(2014-2015) Kiss Me Once TourNottingham
80.2%
(2014-2015) Kiss Me Once TourAdelaide
80.2%
(2018-2019) Golden TourNottingham
80.2%
(2018-2019) Golden TourAdelaide
80.2%
(1989) Disco in DreamOsaka
79.3%
(1989) Disco in DreamBristol
79.3%
(1991) Rhythm of Love TourOsaka
79.3%
(2011) Aphrodite: Les Folies TourOsaka
79.3%
(1991) Rhythm of Love TourSingapore
78.4%
(2008) KylieX2008Singapore
78.4%
(2011) Aphrodite: Les Folies TourSingapore
78.4%
(1990) Enjoy Yourself TourCologne
77.5%
(2001) On a Night Like ThisBournemouth
77.5%
(2001) On a Night Like ThisCologne
77.5%
(2002) KylieFever2002Frankfurt
77.5%
(2005) Showgirl: The Greatest Hits TourAntwerp
77.5%
(2005) Showgirl: The Greatest Hits TourCologne
77.5%
(2008) KylieX2008Antwerp
77.5%
(2008) KylieX2008Frankfurt
77.5%
(2008) KylieX2008Athens
77.5%
(2008) KylieX2008Cologne
77.5%
(2009) For You, For MeNew York City
77.5%
Hint Answer % Correct
(2011) Aphrodite: Les Folies TourAntwerp
77.5%
(2011) Aphrodite: Les Folies TourNew York City
77.5%
(2018-2019) Golden TourBournemouth
77.5%
(2018-2019) Golden TourFrankfurt
77.5%
(2018-2019) Golden TourCologne
77.5%
(1989) Disco in DreamPlymouth
76.6%
(1990) Enjoy Yourself TourHong Kong
76.6%
(1991) Let's Get to It TourPlymouth
76.6%
(2008) KylieX2008Budapest
76.6%
(2008) KylieX2008Istanbul
76.6%
(2008) KylieX2008Hong Kong
76.6%
(2011) Aphrodite: Les Folies TourHong Kong
76.6%
(2014-2015) Kiss Me Once TourBudapest
76.6%
(1990) Enjoy Yourself TourBangkok
74.8%
(1991) Rhythm of Love TourBangkok
74.8%
(2008) KylieX2008Bangkok
74.8%
(2008) KylieX2008Auckland
74.8%
(2011) Aphrodite: Les Folies TourBangkok
74.8%
(1990) Enjoy Yourself TourAberdeen
73.9%
(1991) Let's Get to It TourAberdeen
73.9%
(2008) KylieX2008Lyon
73.9%
(2008) KylieX2008Riga
73.9%
(2009) For You, For MeLas Vegas
73.9%
(2011) Aphrodite: Les Folies TourLas Vegas
73.9%
(2014-2015) Kiss Me Once TourRiga
73.9%
(1989) Disco in DreamSwansea
73%
(2008) KylieX2008Sofia
73%
(2009) For You, For MeChicago
73%
(2011) Aphrodite: Les Folies TourRiga
73%
(2002) KylieFever2002Rotterdam
72.1%
(2005) Showgirl: The Greatest Hits TourRotterdam
72.1%
(2008) KylieX2008Bucharest
72.1%
(2008) KylieX2008Rotterdam
72.1%
(2008) KylieX2008Beijing
72.1%
(2011) Aphrodite: Les Folies TourSan Francisco
71.2%
(1991) Rhythm of Love TourKuala Lumpur
70.3%
(2009) For You, For MeToronto
70.3%
(2011) Aphrodite: Les Folies TourMexico City
70.3%
(2002) KylieFever2002Oberhausen
69.4%
(2008) KylieX2008Shanghai
69.4%
(2011) Aphrodite: Les Folies TourHerning
69.4%
(2011) Aphrodite: Les Folies TourTallinn
69.4%
(2011) Aphrodite: Les Folies TourOberhausen
69.4%
(2011) Aphrodite: Les Folies TourManila
69.4%
(2008) KylieX2008Stuttgart
68.5%
(2008) KylieX2008Geneva
68.5%
(2008) KylieX2008Saint Petersburg
68.5%
(2008) KylieX2008Dubai
68.5%
(2008) KylieX2008Taipei
68.5%
(2011) Aphrodite: Les Folies TourVilnius
68.5%
(2011) Aphrodite: Les Folies TourTaipei
68.5%
(1989) Disco in DreamNagoya
67.6%
(1991) Rhythm of Love TourNagoya
67.6%
(2008) KylieX2008Sao Paulo
67.6%
(2011) Aphrodite: Les Folies TourBoston
67.6%
(2011) Aphrodite: Les Folies TourAtlanta
67.6%
(2011) Aphrodite: Les Folies TourOrlando
67.6%
(1991) Rhythm of Love TourFukuoka
66.7%
(2014-2015) Kiss Me Once TourBratislava
66.7%
(2014-2015) Kiss Me Once TourLille
66.7%
(2005) Showgirl: The Greatest Hits TourBasel
65.8%
(2008) KylieX2008Buenos Aires
65.8%
(2011) Aphrodite: Les Folies TourLeipzig
65.8%
(2011) Aphrodite: Les Folies TourChiba
65.8%
(2008) KylieX2008Lima
64.9%
(2008) KylieX2008Santiago
64.9%
(2011) Aphrodite: Les Folies TourMontreal
64.9%
(2011) Aphrodite: Les Folies TourCape Town
64.9%
(2008) KylieX2008Bogota
64%
(2009) For You, For MeOakland
64%
(2011) Aphrodite: Les Folies TourToulouse
64%
(2011) Aphrodite: Les Folies TourHouston
63.1%
(2008) KylieX2008Caracas
62.2%
(2011) Aphrodite: Les Folies TourJohannesburg
62.2%
(2008) KylieX2008Luxembourg City
61.3%
(2014-2015) Kiss Me Once TourMontpellier
61.3%
(2011) Aphrodite: Les Folies TourFairfax
60.4%
(2011) Aphrodite: Les Folies TourMonterrey
59.5%
(2014-2015) Kiss Me Once TourMonte Carlo
56.8%
(2018-2019) Golden TourPadau
56.8%
(2011) Aphrodite: Les Folies TourGuadalajara
55.9%
(2014-2015) Kiss Me Once TourLodz
55.9%
(2019) Summer 2019Werchter
55.9%
(2019) Summer 2019Pilton
55.9%
(2019) Summer 2019Scarborough
54.1%
(1991) Let's Get to It TourWhitley Bay
48.6%
(2001) On a Night Like ThisHobart
47.7%
(2019) Summer 2019Kingston upon Thames
47.7%
(2005) Showgirl: The Greatest Hits TourAalborg
46.8%
(2018-2019) Golden TourHunter Valley
45%
(2014-2015) Kiss Me Once TourKaunas
41.4%
(2019) Summer 2019Woodstock
40.5%
(2011) Aphrodite: Les Folies TourBogor
37.8%
(2018-2019) Golden TourMount Cotton
37.8%
(2019) Summer 2019St Austell
37.8%
(2019) Summer 2019Gdynia
37.8%
(2019) Summer 2019Lytham St Annes
35.1%
Remove Ads.
Support Sporcle.
Get the best of Sporcle when you Go Orange. This ad-free experience offers more features, more stats, and more fun while also helping to support Sporcle. Thank you for becoming a member.

You're not logged in!

Compare scores with friends on all Sporcle quizzes.
OR
Log In

Sporcle TV

Today on Sporcle TV


Watch our educational content, quiz creation guides, and fun videos on Sporcle TV.

Show Comments

Extras

Top Quizzes Today


Score Distribution

Paid Content

Your Account Isn't Verified!

In order to create a playlist on Sporcle, you need to verify the email address you used during registration. Go to your Sporcle Settings to finish the process.

Report this User

Report this user for behavior that violates our Community Guidelines.

Details: